| 000 | 01559cam a22004094i 4500 | ||
|---|---|---|---|
| 003 | PE-LiUPU | ||
| 005 | 20250731175623.0 | ||
| 008 | 150623s1998 sp rb 000 0 eng d | ||
| 020 | _a0521448492 | ||
| 035 | _a(Sirsi) i9780521448499 | ||
| 040 |
_aPE-LiUPU _bspa _cPE-LiUPU _erda |
||
| 049 | _aPRUA | ||
| 082 | 0 | 4 |
_a493.1 _bL83 _221 |
| 100 | 1 |
_aLoprieno, Antonio, _eautor. |
|
| 245 | 1 | 0 |
_aAncient Egyptian : _ba lingüistic introduction / _cAntonio Loprieno. |
| 264 | 1 |
_aCambridge : _bThe University Press, Cambridge, _c1998. |
|
| 300 |
_a322 páginas ; _c23 centímetros |
||
| 336 |
_atext _2rdacontent |
||
| 337 |
_aunmediated _2rdamedia |
||
| 338 |
_avolume _2rdacarrier |
||
| 504 | _aIncluye bibliografía. | ||
| 505 | 0 | _aThe language of ancient Egypt -- Egyptian graphemics -- Egyptian fonology -- Elements of historical morphology -- Nominal sintax -- Adverbial and pseudoverbal syntax -- Verbal Sintax. | |
| 526 | _aP145 | ||
| 526 | _aP127 | ||
| 526 | _aP97 | ||
| 526 | _aP35 | ||
| 526 | _aP14 | ||
| 526 | _aP07 | ||
| 650 | 1 | 4 | _aLengua egipcia. |
| 650 | 2 | 4 | _aLenguas afroasiáticas. |
| 942 |
_2ddc _cBOOK |
||
| 949 |
_a493.1 L83 _wDEWEY _c1 _i45372 _lCCODEBUL1 _mBUL _r0 _sY _tBOOK _u2015-6-24 _xTEOLOGIA _PP35 _0COMPRA _o.STAFF. Colección Teología |
||
| 994 |
_aC0 _bPEPRU |
||
| 596 | _a1 | ||
| 999 |
_a493.1 L83 _wDEWEY _c22237 _i45372 _f2021-11-12 _g5 _lCCODEBUL1 _mBUL _p25.00 _r0 _sY _tBOOK _u2015-6-24 _xTEOLOGIA _PP35 _0COMPRA _o.STAFF. Colección Teología _d22237 |
||
| 980 |
_81 _gALBERTO SANCHEZ Responsable de Automatización |
||